| 000 | 00381nam a22001457a 4500 | ||
|---|---|---|---|
| 020 | _a9780074634547 | ||
| 082 |
_222 _a005.13 |
||
| 100 | _aVanugopal, K. R... [et al.] | ||
| 245 | _aMastering C++ / | ||
| 250 | _aNA | ||
| 260 |
_aNew Delhi, _bTata McGrew Hill, _cc2009. |
||
| 300 |
_axx,804 p. ; _bill. ; _c24 cm. |
||
| 700 | _aBuyya, Rajkumar and Ravishankar. | ||
| 942 |
_2ddc _cIT _017 |
||
| 999 |
_c1167 _d1167 |
||